Sistemas de iluminación industriales.

Salvato in:
Dettagli Bibliografici
Autore principale: Frier, John P.
Altri autori: Gazley Frier, Mary E.
Natura: Libro
Lingua:Spanish
Pubblicazione: México : Limusa, 1986.
Soggetti:
Tags: Aggiungi Tag
Nessun Tag, puoi essere il primo ad aggiungerne!!

MARC

LEADER 00000nam a2200000Ia 4500
003 000312
005 20221231143937.0
008 140114s1986 mx a 000 ||spa d
040 |c cru CEDI 
082 |a 621.322 F911-s 
100 |a Frier, John P.  |9 19389 
245 |a Sistemas de iluminación industriales. 
260 |a  México : Limusa,   |c 1986. 
300 |a 368 páginas : ilustraciones ; 23 cm. 
500 |a Traduccion de: Industrial lighting systems. 
650 |x ALUMBRADO ARQUITECTONICO  |9 19391 
700 |9 19390  |a Gazley Frier, Mary E. 
942 |2 ddc  |c BK 
999 |c 14587  |d 14587